<?xml version="1.0" encoding="UTF-8"?>
<collection xmlns="http://www.loc.gov/MARC21/slim">
 <record>
  <leader>02115pamaa2200409   4500</leader>
  <controlfield tag="001">0000052199</controlfield>
  <controlfield tag="005">20140206090000.0</controlfield>
  <controlfield tag="008">140206                             eng  </controlfield>
  <datafield tag="020" ind1="0" ind2="0">
   <subfield code="a">9789831504918 (hbk : jil.1) </subfield>
  </datafield>
  <datafield tag="020" ind1="0" ind2="0">
   <subfield code="a">9789831504796 (hbk : jil.2) </subfield>
  </datafield>
  <datafield tag="020" ind1="0" ind2="0">
   <subfield code="a">9789831504925 (hbk : jil.3) </subfield>
  </datafield>
  <datafield tag="020" ind1="0" ind2="0">
   <subfield code="a">9789831504932 (hbk : jil.4) </subfield>
  </datafield>
  <datafield tag="020" ind1="0" ind2="0">
   <subfield code="a">9789831504963 (hbk : jil.5) </subfield>
  </datafield>
  <datafield tag="020" ind1="0" ind2="0">
   <subfield code="a">9789831504956 (hbk : jil.6) </subfield>
  </datafield>
  <datafield tag="020" ind1="0" ind2="0">
   <subfield code="a">9789831504970 (hbk : jil.7) </subfield>
  </datafield>
  <datafield tag="020" ind1="0" ind2="0">
   <subfield code="a">9789831504987 (hbk : jil.8) </subfield>
  </datafield>
  <datafield tag="020" ind1="0" ind2="0">
   <subfield code="a">9789831504802 (hbk : jil.9) </subfield>
  </datafield>
  <datafield tag="020" ind1="0" ind2="0">
   <subfield code="a">9789831504819 (hbk : jil.10) </subfield>
  </datafield>
  <datafield tag="020" ind1="0" ind2="0">
   <subfield code="a">9789831504895 (hbk : jil.11) </subfield>
  </datafield>
  <datafield tag="020" ind1="0" ind2="0">
   <subfield code="a">9789831504994 (hbk : jil.12 </subfield>
  </datafield>
  <datafield tag="020" ind1="0" ind2="0">
   <subfield code="a">9789831505007 (hbk : jil.13) </subfield>
  </datafield>
  <datafield tag="020" ind1="0" ind2="0">
   <subfield code="a">9789831505014 (hbk : jil.14) </subfield>
  </datafield>
  <datafield tag="020" ind1="0" ind2="0">
   <subfield code="a">9789831505021 (hbk : jil.15) </subfield>
  </datafield>
  <datafield tag="020" ind1="0" ind2="0">
   <subfield code="a">9789831504826 (hbk : jil.16) </subfield>
  </datafield>
  <datafield tag="020" ind1="0" ind2="0">
   <subfield code="a">9789831504833 (hbk : jil.17) </subfield>
  </datafield>
  <datafield tag="020" ind1="0" ind2="0">
   <subfield code="a">9789831504949 (hbk : jil.18) </subfield>
  </datafield>
  <datafield tag="020" ind1="0" ind2="0">
   <subfield code="a">9789831505038 (hbk : jil.19) </subfield>
  </datafield>
  <datafield tag="020" ind1="0" ind2="0">
   <subfield code="a">9789831505045 (hbk : jil.20) </subfield>
  </datafield>
  <datafield tag="090" ind1="0" ind2="0">
   <subfield code="a">DS595.5 </subfield>
   <subfield code="b">MAL 2013</subfield>
  </datafield>
  <datafield tag="240" ind1="0" ind2="0">
   <subfield code="a">Malaysia lima ratus</subfield>
  </datafield>
  <datafield tag="245" ind1="1" ind2="0">
   <subfield code="a">Malaysia 500 : </subfield>
   <subfield code="b">khazanah insan aset negara.</subfield>
  </datafield>
  <datafield tag="260" ind1="0" ind2="0">
   <subfield code="a">Kuala Lumpur: </subfield>
   <subfield code="b">Arus Intelek, </subfield>
   <subfield code="c">2013.</subfield>
  </datafield>
  <datafield tag="300" ind1=" " ind2=" ">
   <subfield code="a">20v.: </subfield>
   <subfield code="b">ill.; </subfield>
   <subfield code="c">26cm.</subfield>
  </datafield>
  <datafield tag="500" ind1="0" ind2="0">
   <subfield code="a">Jilid 1. Antara daulat dan legasi, Jilid 2., Pemimpin politik, Jilid 3., Mantan menteri dan veteran politik, Jilid 4.Peneraju perkhidmatan awam, Jilid 5. Pahlawan bangsa, Jilid 6.Nadi keamanan negarag, Jilid 7. Angkatan pertahanan negara, Jilid 8. Pengurus institusi kerajaan dan swasta, Jilid 9. Penggerak pendidikan, Jilid 10.Cendekiawan bahasa, sastera dan media, Jilid 11. Mestika budaya seni I, Jilid 12. Mestika budaya seni II, Jilid 13. Juara sukan, Jilid 14. Pemangkin pembangunan sains dan teknologi, Jilid 15. Penjana pertumbuhan ekonomi dan industri, Jilid 16. Profesional perkasa, Jilid 17. Pemimpin agensi bukan kerajaan, Jilid 18. Intelek Islam, Jilid 19. Obor pertubuhan profesional, Jilid 20. Visionari dan ilmuan</subfield>
  </datafield>
  <datafield tag="501" ind1="0" ind2="0">
   <subfield code="a">Library</subfield>
  </datafield>
  <datafield tag="650" ind1="0" ind2="0">
   <subfield code="a">Malaysia -- </subfield>
   <subfield code="x">Biography </subfield>
  </datafield>
  <datafield tag="901" ind1=" " ind2=" ">
   <subfield code="u">http://www.arusint.com</subfield>
  </datafield>
 </record>
</collection>
